Contarlo todo / (Record no. 22426)

000 -CABECERA
campo de control de longitud fija 00681nam a22002177a 4500
003 - IDENTIFICADOR DEL NÚMERO DE CONTROL
campo de control OSt
005 - FECHA Y HORA DE LA ÚLTIMA TRANSACCIÓN
campo de control 20220613083508.0
008 - DATOS DE LONGITUD FIJA--INFORMACIÓN GENERAL
campo de control de longitud fija 180228s2017 pe 000 0 spa
020 ## - NÚMERO INTERNACIONAL ESTÁNDAR DEL LIBRO
Número Internacional Estándar del Libro 9786124262609
040 ## - FUENTE DE LA CATALOGACIÓN
Centro/agencia transcriptor Biblioteca Municipal de Cusco
082 ## - NÚMERO DE LA CLASIFICACIÓN DECIMAL DEWEY
Número de clasificación 869.57/G186C
Notación interna G186C
100 ## - ENTRADA PRINCIPAL--NOMBRE DE PERSONA
Nombre de persona Gamboa, Jeremías
Fechas asociadas al nombre 1975-
Término indicativo de función/relación autor
9 (RLIN) 48133
245 ## - MENCIÓN DE TÍTULO
Título Contarlo todo /
Mención de responsabilidad, etc. Jeremías Gamboa
250 ## - MENCIÓN DE EDICIÓN
Mención de edición Primera edición, primera reimpresión
264 #1 - PRODUCCIÓN, PUBLICACIÓN, DISTRIBUCIÓN, FABRICACIÓN Y COPYRIGHT
Producción, publicación, distribución, fabricación y copyright Lima :
Nombre del de productor, editor, distribuidor, fabricante Debolsillo,
Fecha de producción, publicación, distribución, fabricación o copyright 2020.
300 ## - DESCRIPCIÓN FÍSICA
Extensión 507 páginas ;
Dimensiones 19 cm.
490 ## - MENCIÓN DE SERIE
Mención de serie Contemporánea / Debolsillo
650 ## - PUNTO DE ACCESO ADICIONAL DE MATERIA--TÉRMINO DE MATERIA
Término de materia o nombre geográfico como elemento de entrada Novelas peruanas
Subdivisión cronológica Siglo XXI
9 (RLIN) 47970
830 ## - PUNTO DE ACCESO ADICIONAL DE SERIE-TÍTULO UNIFORME
Título uniforme Contemporánea (Debolsillo)
9 (RLIN) 48082
942 ## - ELEMENTOS DE PUNTO DE ACCESO ADICIONAL (KOHA)
Fuente del sistema de clasificación o colocación
Tipo de ítem Koha Libros-BMC
Holdings
Estado de retiro Estado de pérdida Fuente del sistema de clasificación o colocación Estado dañado No para préstamo Localización permanente Ubicación/localización actual Ubicación en estantería Fecha de adquisición Fuente de adquisición Coste, precio normal de compra Signatura topográfica completa Código de barras Fecha visto por última vez Precio válido a partir de Tipo de ítem Koha
          Sala Humanidades Sala Humanidades Book Cart 2022-06-13 Donación 44.00 869.57/G186C SH0000016299 2022-06-13 2022-06-13 Libros-BMC
          Sala Humanidades Sala Humanidades Book Cart 2022-06-13 Donación 44.00 869.57/G186C/e.2 SH0000016300 2022-06-13 2022-06-13 Libros-BMC

Powered by Koha